000 00858nam a2200181Ia 4500
001 23458
003 GE_BSU
008 181216s||||||||xx |||||||||||||| ||und||
040 _cGE_BSU
080 _a94(5) + 94(6)
100 _aდონაძე, ვარლამი., მენთეშაშვილი, ალბერტი., ცინცაძე, იოსები
245 _aაზიისა და აფრიკის ქვეყნების ისტორია. ნაკვ. 1 : 1945-1968.
260 _aთბილისი
260 _c1970.
653 _aაზიის ქვეყნების ისტორია; აფრიკის ქვეყნების ისტორია
653 _aაზიისა და აფრიკის ქვეყნების ისტორია.
942 _cBK
999 _c56345
_d56345